Technology by Letter: T - Statistics

General Stats
  • This quiz has been taken 30 times
  • The average score is 11 of 16
Answer Stats
Hint Answer % Correct
Transports cargo on roads Truck
93%
Measures temperatures Thermometer
89%
Lets you look at things that are far away Telescope
86%
Brings moving pictures into your living room Television
82%
Display that reacts to your fingers Touch screen
82%
Agricultural vehicle Tractor
79%
Flat, non-folding computer Tablet
71%
Transports your voice far away Telephone
71%
Transported messages through the wire, in the old days Telegraph
68%
Transports people and cargo over long distances Train
68%
Semiconductor component for circuits Transistor
68%
Road through a mountain Tunnel
61%
Tall building Tower
57%
Creates radio and TV signals Transmitter
57%
Rotor with many blades Turbine
36%
Group of merely artificial chemical elements Transactinide elements
0%
No matching quizzes found
Score Distribution
Percent of People with Each Score
Percentile by Number Answered
Your Score History
You have not taken this quiz